| 000 | 01166nam a22002777a 4500 | ||
|---|---|---|---|
| 003 | OSt | ||
| 005 | 20250830062520.0 | ||
| 008 | 240904b ||||| |||| 00| 0 eng d | ||
| 040 | _c0 | ||
| 082 | _aDPer 621.317 Ie21 December 2022 v.37 n. 12 part 1&2. | ||
| 100 |
_aWang, Kangping. _eauthor. _960107 |
||
| 245 |
_aDriving control of gan devices for transient response improvement voltage regulator / _cKangping Wang, Gaohao Wei, Jiarui Wu, Quingyuan Gao, Wenjie Chen, and Xu Yang. |
||
| 260 |
_aNew York ; _bThe Institute of Electrical and Electronics Engineers, Inc., _cDecember 2022. |
||
| 300 |
_avolume 37, pages 14017-14027, _billustration. |
||
| 500 | _aIEEE Transactions on Power Electronics, v. 37 n. 12, pages 14017-14027, December 2022. | ||
| 650 | 0 |
_aDriving control. _965949 |
|
| 650 | 0 |
_aVoltage control. _965950 |
|
| 650 | 0 |
_aGallium nitride (GaN). _965951 |
|
| 700 |
_aWang, Kangping. _eauthor. _960107 |
||
| 700 |
_aWei, Gaohao. _eauthor. _960108 |
||
| 700 |
_aWu, Jiarui. _eauthor. _960109 |
||
| 700 |
_aGao, Quingyuan. _eauthor, _960110 |
||
| 700 |
_aChen, Wenjie. _eauthor. _960111 |
||
| 700 |
_aYang, Xu. _eauthor. _960112 |
||
| 942 |
_2ddc _cPER |
||
| 999 |
_c21296 _d21296 |
||